000 00721nam a2200181 4500
001 148828
003 ES-MaACL
005 20230906202827.0
007 t|
008 070214s1918 ag r ||||1| spa d
100 1 _aLeón Suárez, José.
_9141637
245 1 0 _aAteneo Hispano-Americano
_b: resumen de sus principales propósitos extractados del discurso-programa /
_cdel doctor José León Suárez al ser elegido presidente el 3 de enero de 1918.
260 _aBuenos Aires :
_b[s. n.],
_c1918 (
_fImp. The British Supply)
300 _a6 p. ;
_c15 cm.
500 _aPrecede al tít.: República Argentina, Buenos Aires.
710 2 _aAteneo Hispano-Americano (Buenos Aires)
_9141638
852 _aES-MaACL
_j1489-F-18
999 _c148828
_d148828